Targeting corruption : (Record no. 13136)
[ view plain ]
| 000 -LEADER | |
|---|---|
| fixed length control field | 00596cam a22001932 4500 |
| 001 - CONTROL NUMBER | |
| control field | 0000008883 |
| 005 - DATE AND TIME OF LATEST TRANSACTION | |
| control field | 20151217155836.0 |
| 008 - FIXED-LENGTH DATA ELEMENTS--GENERAL INFORMATION | |
| fixed length control field | 080613s xx 000 0 eng d |
| 020 ## - INTERNATIONAL STANDARD BOOK NUMBER | |
| International Standard Book Number | 9966701915 : |
| Terms of availability | KES 270 |
| 040 ## - CATALOGING SOURCE | |
| Original cataloging agency | KABU |
| Transcribing agency | KABU |
| 100 1# - MAIN ENTRY--PERSONAL NAME | |
| Personal name | Kidombo, Pius K. |
| -- | 0000159655 |
| 245 10 - TITLE STATEMENT | |
| Title | Targeting corruption : |
| Remainder of title | the booming business / |
| Statement of responsibility, etc. | Pius K. Kidombo. |
| 260 ## - PUBLICATION, DISTRIBUTION, ETC. (IMPRINT) | |
| Place of publication, distribution, etc. | Nairobi : |
| Name of publisher, distributor, etc. | Sino printers and Publishers, |
| Date of publication, distribution, etc. | 2006. |
| 300 ## - PHYSICAL DESCRIPTION | |
| Extent | xi, 64 p. |
| 650 #0 - SUBJECT ADDED ENTRY--TOPICAL TERM | |
| Topical term or geographic name as entry element | Corruption |
| Geographic subdivision | Kenya. |
| -- | 0000153218 |
| 908 ## - PUT COMMAND PARAMETER (RLIN) | |
| Put command parameter | 080613 |
| 950 ## - LOCAL HOLDINGS (RLIN) | |
| -- | 1 |
| Withdrawn status | Lost status | Source of classification or shelving scheme | Not for loan | Home library | Current library | Date acquired | Total Checkouts | Full call number | Barcode | Date last seen | Price effective from | Koha item type |
|---|---|---|---|---|---|---|---|---|---|---|---|---|
| Library of Congress Classification | Kabarak, Main Campus | Kabarak, Main Campus | 17/12/2015 | JQ2947 .A56C6K53 c. 1 | 012282 | 17/12/2015 | 17/12/2015 | Africana Collection |